000
00315nam a2200121Ia 4500
008
191201s2011 xx 000 0 und d
100
_a
CHERUNILAM, Francis
245
0
_a
Industrial Marketing Text and Cases
260
_a
N. Delhi
_b
Himalaya Publication House
_c
2011
300
_a
381
650
_a
MBA
942
_2
ddc
_c
BK
999
_c
144
_d
144